|
|
|
|
| LEADER |
01413nam a2200313 a 4500 |
| 001 |
7808 |
| 003 |
BD-DhAAL |
| 005 |
20151117100642.0 |
| 008 |
151117s1986 enk 000 1 eng c |
| 010 |
|
|
|a 86672700
|
| 020 |
|
|
|a 0340393130
|
| 020 |
|
|
|a 034038784X :
|c £9.95
|
| 040 |
|
|
|a MH
|c MH
|d DLC
|d BD-DhAAL
|
| 050 |
1 |
4 |
|a PR6062.E33
|b P47x 1986b
|
| 082 |
|
|
|a 813/.0872/08
|
| 100 |
1 |
|
|a Le Carré, John,
|d 1931-
|9 7308
|
| 245 |
1 |
2 |
|a A perfect spy /
|c John le Carré.
|
| 260 |
|
|
|a London :
|b Hodder & Stoughton,
|c c1986.
|
| 300 |
|
|
|a 576 p. ;
|c 18 cm.
|
| 541 |
|
|
|e 7808
|
| 650 |
|
|
|a Spy stories.
|9 16259
|
| 650 |
|
|
|a Detective and mystery stories.
|9 7333
|
| 650 |
|
|
|a Traitors
|v Fiction.
|z England
|9 16260
|
| 655 |
|
7 |
|a Spy stories.
|2 gsafd
|9 5643
|
| 942 |
|
|
|2 ddc
|c BK
|
| 999 |
|
|
|c 36179
|d 36179
|
| 952 |
|
|
|0 0
|1 0
|2 ddc
|4 0
|6 813_000000000000000__0872_08_LEC
|7 0
|9 56890
|a SCL
|b SCL
|c GEN
|d 2015-11-17
|e Gift:
|l 3
|m 12
|o 813.087208 LEC
|p 3020007808
|r 2025-10-15
|s 2024-06-06
|t 1
|w 2015-11-17
|y BK
|
| 952 |
|
|
|0 0
|1 0
|2 ddc
|4 0
|6 813_000000000000000__0872_08_LEC
|7 0
|9 59284
|a SCL
|b SCL
|c GEN
|d 2016-07-17
|e Mukta photostat and book bainding
|g 266.00
|l 8
|m 13
|o 813.087208 LEC
|p 3020008669
|r 2025-09-11
|s 2025-08-31
|t 2
|w 2016-07-17
|y BK
|
| 952 |
|
|
|0 0
|1 0
|2 ddc
|4 0
|6 813_000000000000000__0872_08_LEC
|7 0
|9 59369
|a SCL
|b SCL
|c GEN
|d 2016-07-21
|e Mukta photostat and book bainding
|g 266.00
|l 8
|m 46
|o 813.087208 LEC
|p 3020008670
|r 2026-05-08
|s 2026-02-22
|t 3
|w 2016-07-21
|y BK
|